|
|
|
|
| LEADER |
00000naa2a2200000 4500 |
| 001 |
605816 |
| 005 |
20231101132354.0 |
| 035 |
|
|
|a (RuTPU)RU\TPU\conf\3141
|
| 035 |
|
|
|a RU\TPU\conf\3127
|
| 090 |
|
|
|a 605816
|
| 100 |
|
|
|a 20140505d2013 k y0rusy50 ca
|
| 101 |
0 |
|
|a rus
|
| 102 |
|
|
|a RU
|
| 105 |
|
|
|a a z 100zy
|
| 135 |
|
|
|a drcn ---uucaa
|
| 181 |
|
0 |
|a i
|
| 182 |
|
0 |
|a b
|
| 200 |
1 |
|
|a Быстрые нейтроны 6,3 МэВ в комплексном лечении больных местными рецидивами рака молочной железы
|f В. В. Великая [и др.]
|
| 203 |
|
|
|a Текст
|c электронный
|
| 215 |
|
|
|a 1 файл (269 Кб)
|
| 225 |
1 |
|
|a Лучевая диагностика и лучевая терапия
|
| 230 |
|
|
|a Электронные текстовые данные (1 файл : 269 Кб)
|
| 300 |
|
|
|a Заглавие с титульного листа.
|
| 337 |
|
|
|a Adobe Reader
|
| 463 |
|
1 |
|0 (RuTPU)RU\TPU\conf\2721
|t Ядерно-физические технологии в клинической и экспериментальной медицине: состояние, проблемы, перспективы
|o материалы Международной школы-конференции, г. Томск, 3-7 июня 2013 г.
|f Национальный исследовательский Томский политехнический университет (ТПУ)
|v [С. 2-5]
|d 2013
|
| 610 |
1 |
|
|a труды учёных ТПУ
|
| 610 |
1 |
|
|a электронный ресурс
|
| 610 |
1 |
|
|a нейтроны
|
| 610 |
1 |
|
|a лечение
|
| 610 |
1 |
|
|a рак молочной железы
|
| 610 |
1 |
|
|a фотоны
|
| 610 |
1 |
|
|a электронная терапия
|
| 701 |
|
1 |
|a Великая
|b В. В.
|
| 701 |
|
1 |
|a Мусабаева
|b Л. И.
|
| 701 |
|
1 |
|a Лисин
|b В. А.
|c российский физик
|c профессор Томского политехнического университета
|g Валерий Андреевич
|2 stltpush
|3 (RuTPU)RU\TPU\pers\28145
|
| 701 |
|
1 |
|a Алейник
|b А. Н.
|c физик
|c старший научный сотрудник Томского политехнического университета, кандидат физико-математических наук
|f 1944-
|g Александр Никонорович
|2 stltpush
|3 (RuTPU)RU\TPU\pers\29756
|
| 701 |
|
1 |
|a Старцева
|b Ж. А.
|
| 712 |
0 |
2 |
|a Национальный исследовательский Томский политехнический университет (ТПУ)
|b Физико-технический институт (ФТИ)
|b Кафедра прикладной физики (№ 12) (ПФ)
|h 46
|2 stltpush
|3 (RuTPU)RU\TPU\col\18729
|
| 801 |
|
2 |
|a RU
|b 63413507
|c 20140506
|g RCR
|
| 856 |
4 |
|
|u http://www.lib.tpu.ru/fulltext/c/2013/C61/001.pdf
|
| 942 |
|
|
|c BK
|